Normal view
MARC view
Entry Personal Name
001 - CONTROL NUMBER
- control field: 86600
003 - CONTROL NUMBER IDENTIFIER
- control field: dpl
005 - DATE AND TIME OF LATEST TRANSACTION
- control field: 20260120103633.0
008 - FIXED-LENGTH DATA ELEMENTS
- fixed length control field: 260120|| aca||aabn | a|a d
040 ## - CATALOGING SOURCE
- Original cataloging agency: dpl
- Transcribing agency: dpl
100 ## - HEADING--PERSONAL NAME
- Personal name: शर्मा, गोपाल
670 ## - SOURCE DATA FOUND
- Source citation: Work cat.: (dpl)214286: शर्मा, गोपाल , भारत की संतान :, 2025
